000 00560nam a2200217Ia 4500
003 OSt
005 20221007063630.0
006 a|||||r|||| 00| 0
007 ta
008 221006b |||||||| |||| 00| 0 eng d
024 _a16,563
037 _cTextual
040 _aFLL
_cFLL
_beng
041 _2eng
_aeng
082 _aX8(A):93.2.N7, L4
245 0 _aIndustrial wages in India
260 _aCalcutta
_bEastern Law House India
_c1974
300 _a207p
_ccm.
942 _hX8(A):93.2.N7, L4
_cTEXL
_2CC
999 _c1131712
_d1131712